The Jerome Biblical Commentary for the Twenty-First Century.

Сохранить в:
Библиографические подробности
Другие авторы: Collins, John J (Редактор), Hens-Piazza, Gina (Редактор), Reid, Barbara, OP (Редактор), Senior, Donald, OP (Редактор), Francisco, Papa (foreword)
Формат: Неизвестно
Опубликовано: London, United Kingdom: T&T Clark, 2022.
Редактирование:Third Fully Revised Edition.
Предметы:
Метки: Добавить метку
Нет меток, Требуется 1-ая метка записи!

MARC

LEADER 00000 a2200000 4500
003 CL-VaPUC
005 20240507085246.0
008 240429t2022 ||||| |||| 00| 0 eng d
999 |c 443575  |d 443573 
020 |a 9781474248853 
040 |c Pontificia Universidad Católica de Valparaíso 
082 7 |a 220.7 COL 2022  |2 22 
100 |a Collins, John J  |e editor  |9 888764 
245 1 4 |a The Jerome Biblical Commentary for the Twenty-First Century.  
250 |a Third Fully Revised Edition.  
260 |a London, United Kingdom:  |b T&T Clark,   |c 2022. 
300 |a xxvii, 2196 páginas.  
583 |k GC  |c 20240429 
650 |a Biblia  |x Comentarios   |9 888765 
650 |a Biblia  |x Crítica e interpretación   |9 856400 
700 |a Hens-Piazza, Gina  |e editor  |9 888766 
700 |a Reid, Barbara,   |c OP  |e editor  |9 888767 
700 |a Senior, Donald,  |c OP  |e editor  |9 888768 
700 |a Francisco, Papa  |e foreword  |9 888769 
942 |2 ddc  |c BK 
952 |0 0  |1 0  |2 ddc  |4 0  |6 220_700000000000000_COL_2022  |7 0  |8 A  |9 594302  |a BIBTEO  |b BIBTEO  |d 2024-04-26  |e 1  |g 134474.00  |i 5660792  |o 220.7 COL 2022  |p 5660792  |r 2025-01-17  |t 1  |v 134474.00  |w 2024-04-26  |y BK  |k ICR